Statistics for U.S. States along the Atlantic and Gulf Coast

Click here to take the quiz!

General Stats

  • This quiz has been taken 9,102 times
    (9,082 since last reset)
  • The average score is 14 of 18

Answer Stats

State% Correct
Maine
99%
New Hampshire
86%
Massachusetts
83%
Rhode Island
82%
New York
82%
New Jersey
80%
South Carolina
78%
Connecticut
78%
Florida
78%
North Carolina
78%
Georgia
77%
Virginia
77%
Maryland
76%
Delaware
75%
Texas
75%
Alabama
74%
Mississippi
73%
Louisiana
73%

Score Distribution

Percentile by Number Answered

Percent of People with Each Score

Your Score History

You have not taken this quiz since the last reset